[Event "EU-Cup 38th"]
[Site "Durres"]
[Date "2023.10.05"]
[Round "5.6"]
[White "Titus, Branco"]
[Black "Jacques, Robert"]
[Result "1-0"]
[WhiteElo "1981"]
[BlackElo "2041"]
[PlyCount "45"]
[EventDate "2023.10.01"]
[EventType "team-swiss"]
[EventRounds "7"]
[EventCountry "ALB"]
[SourceTitle "CBM 216 Extra"]
[Source "ChessBase"]
[SourceDate "2023.11.30"]
[SourceVersion "1"]
[SourceVersionDate "2023.11.30"]
[SourceQuality "1"]
[WhiteTeam "Paul Keres II"]
[BlackTeam "Differdange"]
[WhiteTeamCountry "NED"]
[BlackTeamCountry "LUX"]

1. e4 e5 2. Nf3 Nc6 3. Bb5 Nge7 4. d4 exd4 5. Nxd4 a6 6. Be2 Nxd4 7. Qxd4 Nc6 8. Qe3 Bb4+ 9. c3 Ba5 10. Qg3 Qf6 11. Be3 b5 12. a3 0-0 13. Nd2 Re8 14. Rc1 Ne7 15. Bf3 d5 16. 0-0 Bb7 17. Rfe1 Rad8 18. Nb3 Bb6 19. Nc5 Bxc5 20. Bxc5 c6 21. Qc7 Bc8 22. exd5 Nxd5 23. Bxd5 1-0

[Event "EU-Cup 38th"]
[Site "Durres"]
[Date "2023.10.04"]
[Round "4.6"]
[White "Fejzullahu, Afrim"]
[Black "Jacques, Robert"]
[Result "1/2-1/2"]
[WhiteElo "2190"]
[BlackElo "2041"]
[PlyCount "95"]
[EventDate "2023.10.01"]
[EventType "team-swiss"]
[EventRounds "7"]
[EventCountry "ALB"]
[SourceTitle "CBM 216 Extra"]
[Source "ChessBase"]
[SourceDate "2023.11.30"]
[SourceVersion "1"]
[SourceVersionDate "2023.11.30"]
[SourceQuality "1"]
[WhiteTeam "Drejtesia"]
[BlackTeam "Differdange"]
[WhiteTeamCountry "KOS"]
[BlackTeamCountry "LUX"]

1. e4 e6 2. d4 d5 3. Nc3 dxe4 4. Nxe4 Bd7 5. Nf3 Bc6 6. Bd3 Nd7 7. 0-0 Ngf6 8. Qe2 Bxe4 9. Bxe4 c6 10. Bd3 Be7 11. Bg5 0-0 12. c4 Re8 13. Rad1 Nf8 14. h4 N6d7 15. g3 Bxg5 16. hxg5 Qc7 17. Rfe1 Rad8 18. Bc2 Qb8 19. b4 a5 20. bxa5 c5 21. Rb1 Qa7 22. dxc5 Qxa5 23. Rxb7 Nxc5 24. Rb5 Qc7 25. Qe5 Rc8 26. a4 Ncd7 27. Qxc7 Rxc7 28. Nd2 Ra8 29. a5 Nc5 30. Ra1 Nfd7 31. Kg2 g6 32. Ne4 Ra6 33. Rd1 Kf8 34. Nxc5 Nxc5 35. Rd8+ Ke7 36. Rh8 Nb7 37. Bd3 Rxa5 38. Rxh7 Kd6 39. Bxg6 Rxb5 40. cxb5 fxg6 41. Rh8 Ke5 42. Rf8 Nd6 43. f4+ Ke4 44. Rf6 Rc2+ 45. Kh3 Kf3 46. Rxe6 Rc1 47. Kh2 Rc2+ 48. Kh3 1/2-1/2

[Event "EU-Cup 38th"]
[Site "Durres"]
[Date "2023.10.02"]
[Round "2.6"]
[White "Agalliu, Ermir"]
[Black "Jacques, Robert"]
[Result "0-1"]
[WhiteElo "1718"]
[BlackElo "2041"]
[PlyCount "84"]
[EventDate "2023.10.01"]
[EventType "team-swiss"]
[EventRounds "7"]
[EventCountry "ALB"]
[SourceTitle "CBM 216 Extra"]
[Source "ChessBase"]
[SourceDate "2023.11.30"]
[SourceVersion "1"]
[SourceVersionDate "2023.11.30"]
[SourceQuality "1"]
[WhiteTeam "Partizani"]
[BlackTeam "Differdange"]
[WhiteTeamCountry "ALB"]
[BlackTeamCountry "LUX"]

1. d4 Nf6 2. c4 e6 3. Nc3 Bb4 4. Qc2 0-0 5. e4 d5 6. cxd5 exd5 7. e5 Ne4 8. Nf3 c5 9. a3 Bxc3+ 10. bxc3 c4 11. Bxc4 Qa5 12. Bd2 Nxd2 13. Nxd2 dxc4 14. Nxc4 Qa6 15. Nd6 Be6 16. c4 Nc6 17. Rd1 Bd7 18. 0-0 Nxe5 19. dxe5 Ba4 20. Qc3 Bxd1 21. Rxd1 Qc6 22. Qg3 Rad8 23. Re1 Qd7 24. c5 Qe6 25. f4 Qd5 26. Nf5 Qxc5+ 27. Kh1 g6 28. Nh6+ Kh8 29. Qh4 Qb6 30. Ng4 h5 31. Nf6 Kg7 32. Qg5 Rh8 33. Ne4 Qe6 34. Qg3 h4 35. Qc3 Qc6 36. Qf3 Rd4 37. h3 Qd5 38. Qe3 Rd3 39. Qc1 Rd8 40. Nd6 Rxh3+ 41. Kg1 Rg3 42. Qb2 h3 0-1

[Event "EU-Cup 32nd"]
[Site "Novi Sad"]
[Date "2016.11.06"]
[Round "1.6"]
[White "Abasov, Nijat Azad"]
[Black "Jacques, Robert"]
[Result "1-0"]
[WhiteElo "2565"]
[BlackElo "2129"]
[PlyCount "59"]
[EventDate "2016.11.06"]
[EventType "team-swiss"]
[EventRounds "7"]
[EventCountry "SRB"]
[SourceTitle "CBM 176"]
[Source "ChessBase"]
[SourceDate "2017.01.17"]
[SourceVersion "1"]
[SourceVersionDate "2017.01.17"]
[SourceQuality "1"]
[WhiteTeam "Odlar Yurdu"]
[BlackTeam "Bieles The Smashing Pawns"]
[WhiteTeamCountry "AZE"]
[BlackTeamCountry "LUX"]

1. Nf3 Nf6 2. g3 b5 3. Bg2 Bb7 4. Na3 a6 5. c4 g6 6. cxb5 Bg7 7. 0-0 0-0 8. d4 d6 9. b3 axb5 10. Nxb5 c5 11. Bb2 Ne4 12. a4 Nd7 13. Ng5 d5 14. Nxe4 dxe4 15. Rc1 Bc6 16. Qc2 Bxb5 17. axb5 Ra2 18. Qb1 Qa8 19. Rfd1 f5 20. e3 cxd4 21. Bxd4 Ne5 22. Rc7 Nf3+ 23. Bxf3 Bxd4 24. exd4 exf3 25. Rxe7 f4 26. Qd3 Qd8 27. Qc4+ Kh8 28. Qc5 Rf5 29. d5 Re2 30. Qd4+ 1-0

[Event "BEL-chT 0607"]
[Site "Belgium"]
[Date "2006.12.03"]
[Round "5"]
[White "Jacques, Robert"]
[Black "Huesmann, Thomas"]
[Result "0-1"]
[WhiteElo "2197"]
[BlackElo "2315"]
[PlyCount "78"]
[EventDate "2006.10.01"]
[EventType "team-tourn"]
[EventRounds "11"]
[EventCountry "BEL"]
[SourceTitle "CBM 115 Extra"]
[Source "ChessBase"]
[SourceDate "2007.01.10"]
[SourceVersion "1"]
[SourceVersionDate "2007.01.10"]
[SourceQuality "1"]
[WhiteTeam "KBSK Brugge II"]
[BlackTeam "SK Rochade"]
[WhiteTeamCountry "BEL"]
[BlackTeamCountry "BEL"]

1. e4 e5 2. Nf3 Nc6 3. c3 d5 4. Bb5 dxe4 5. Nxe5 Qd5 6. Qa4 Nge7 7. d4 exd3 8. Nxd3 a6 9. Bxc6+ Nxc6 10. Nf4 Qe5+ 11. Be3 Bd6 12. Nd2 0-0 13. 0-0 Qf5 14. Qe4 Ne5 15. Qxf5 Bxf5 16. h4 Ng4 17. Nd5 Rad8 18. Nf3 Be4 19. c4 c6 20. Nc3 Bxf3 21. gxf3 Nh2 22. Rfd1 Nxf3+ 23. Kf1 Bc7 24. h5 h6 25. Na4 Nh2+ 26. Kg2 Ng4 27. Nc5 Bb6 28. Nd7 Bxe3 29. Nxf8 Rxf8 30. Rd7 Bxf2 31. Rxb7 Bd4 32. Rc1 f5 33. b3 Re8 34. a4 Re2+ 35. Kf1 Rf2+ 36. Ke1 Ne5 37. Kd1 f4 38. b4 f3 39. b5 Rf1+ 0-1

[Event "Paris op"]
[Site "Paris"]
[Date "1998.??.??"]
[Round "1"]
[White "Jacques, Robert"]
[Black "Apicella, Manuel"]
[Result "0-1"]
[WhiteElo "2160"]
[BlackElo "2535"]
[PlyCount "78"]
[EventDate "1998.07.??"]
[EventType "swiss"]
[EventRounds "9"]
[EventCountry "FRA"]
[SourceTitle "EXT 2000"]
[Source "ChessBase"]
[SourceDate "1999.11.16"]
[SourceVersion "1"]
[SourceVersionDate "1999.11.16"]
[SourceQuality "1"]

1. d4 d5 2. Nf3 e6 3. g3 c5 4. Bg2 Nc6 5. 0-0 cxd4 6. Nxd4 Bc5 7. Nb3 Bb6 8. e4 dxe4 9. Qg4 f5 10. Qxg7 Qf6 11. Qg5 Qxg5 12. Bxg5 h6 13. Bd2 Nf6 14. c4 Bd7 15. Na3 Nd4 16. Nxd4 Bxd4 17. Nc2 Be5 18. f4 Bc7 19. b4 Kf7 20. Bc3 Ba4 21. Ne3 Rhd8 22. Rae1 a5 23. a3 h5 24. Be5 Rac8 25. h3 Rd3 26. g4 Rxa3 27. gxf5 axb4 28. fxe6+ Kxe6 29. Bxf6 Rxe3 30. Bg5 Rxe1 31. Rxe1 Bc2 32. Bxe4 Bxe4 33. Rxe4+ Kf5 34. Re2 Bxf4 35. Bxf4 Kxf4 36. Kg2 Rxc4 37. Rf2+ Ke4 38. Rf6 b5 39. Re6+ Kd4 0-1

[Event "St Martin sim"]
[Site "St Martin"]
[Date "1992.??.??"]
[Round "?"]
[White "Karpov, Anatoly"]
[Black "Jacques, Robert"]
[Result "0-1"]
[WhiteElo "2725"]
[BlackElo "2230"]
[PlyCount "144"]
[EventDate "1992.??.??"]
[EventType "simul"]
[EventRounds "1"]
[EventCountry "FRA"]
[SourceTitle "TD"]
[Source "ChessBase"]
[SourceDate "1994.03.01"]
[SourceVersion "1"]
[SourceVersionDate "1994.03.01"]
[SourceQuality "1"]

1. c4 g6 2. d4 Nf6 3. Nc3 Bg7 4. e4 d6 5. f3 0-0 6. Be3 e5 7. d5 Ne8 8. Qd2 f5 9. 0-0-0 f4 10. Bf2 Bd7 11. Bd3 Na6 12. Nge2 Nc5 13. Bc2 a5 14. b3 Qb8 15. Nb5 Rf7 16. Nec3 Bf8 17. Na3 Na6 18. Bd3 Nb4 19. Be2 c6 20. Na4 c5 21. Nb6 Ra6 22. Nxd7 Rxd7 23. Nb5 a4 24. a3 axb3 25. axb4 Ra1+ 26. Kb2 Ra2+ 27. Kxb3 Rxd2 28. Rxd2 Nc7 29. bxc5 dxc5 30. Ra1 Nxb5 31. cxb5 c4+ 32. Bxc4 Qd6 33. Ra4 Rc7 34. b6 Rc8 35. Rb2 Be7 36. Kc3 g5 37. Kd3 h5 38. Rba2 g4 39. Ra8 Rxa8 40. Rxa8+ Kg7 41. Ra7 Kg6 42. Ra4 Bd8 43. Bb5 Bxb6 44. Be8+ Kg5 45. Be1 Qc5 46. Bd2 gxf3 47. gxf3 Qf2 48. d6 Qxf3+ 49. Kc2 Qg2 50. d7 Kg4 51. Ra3 Qxe4+ 52. Rd3 f3 53. Be3 Bd8 54. Bf7 b5 55. Be6+ Kh4 56. Bd5 Qa4+ 57. Bb3 Qg4 58. Bd5 Kh3 59. Bd2 e4 60. Re3 Kxh2 61. Rxe4 f2 62. Rf4 Kg3 63. Rf8 Bb6 64. Rf6 Bd8 65. Rf8 Qxd7 66. Rf3+ Kg2 67. Rd3+ Qxd5 68. Rxd5 f1Q 69. Rxd8 Qc4+ 70. Kb2 h4 71. Rd6 Qg4 72. Rd5 h3 0-1

[Event "Clichy op"]
[Site "Clichy"]
[Date "1991.??.??"]
[Round "3"]
[White "Jacques, Robert"]
[Black "Renet, Olivier"]
[Result "0-1"]
[WhiteElo "2010"]
[BlackElo "2470"]
[PlyCount "60"]
[EventDate "1991.06.??"]
[EventType "swiss"]
[EventRounds "9"]
[EventCountry "FRA"]
[SourceTitle "TD"]
[Source "ChessBase"]
[SourceDate "1994.03.01"]
[SourceVersion "1"]
[SourceVersionDate "1994.03.01"]
[SourceQuality "1"]

1. c4 g6 2. Nc3 Bg7 3. g3 Nf6 4. Bg2 0-0 5. e4 c5 6. Nge2 Nc6 7. d3 d6 8. h3 Ne8 9. Rb1 Nc7 10. a3 Rb8 11. 0-0 b5 12. f4 Bd7 13. Nd5 e6 14. Nxc7 Qxc7 15. f5 exf5 16. Nf4 fxe4 17. Nd5 Qd8 18. cxb5 Rxb5 19. dxe4 Nd4 20. Bf4 Be6 21. Nc3 Rb3 22. Qd2 Qd7 23. Bh6 Bxh6 24. Qxh6 Rfb8 25. e5 d5 26. Rf4 Rxc3 27. Rh4 f5 28. exf6 Nf5 29. f7+ Qxf7 30. Qf4 Rcb3 0-1

[Event "Clichy op"]
[Site "Clichy"]
[Date "1991.??.??"]
[Round "8"]
[White "Karolyi, Tibor Jr"]
[Black "Jacques, Robert"]
[Result "1/2-1/2"]
[WhiteElo "2390"]
[BlackElo "2010"]
[PlyCount "21"]
[EventDate "1991.06.??"]
[EventType "swiss"]
[EventRounds "9"]
[EventCountry "FRA"]
[SourceTitle "TD"]
[Source "ChessBase"]
[SourceDate "1994.03.01"]
[SourceVersion "1"]
[SourceVersionDate "1994.03.01"]
[SourceQuality "1"]

1. e4 c5 2. Nf3 d6 3. d4 cxd4 4. Nxd4 Nf6 5. Nc3 e6 6. f4 Be7 7. Qf3 a6 8. g4 Qc7 9. g5 Nfd7 10. Be3 b5 11. 0-0-0 1/2-1/2

[Event "Torcy op-A"]
[Site "Torcy"]
[Date "1991.??.??"]
[Round "?"]
[White "Lupu, Smaranda B"]
[Black "Jacques, Robert"]
[Result "0-1"]
[WhiteElo "2210"]
[BlackElo "2010"]
[PlyCount "78"]
[EventDate "1991.04.??"]
[EventType "swiss"]
[EventRounds "9"]
[EventCountry "FRA"]
[SourceTitle "TD"]
[Source "ChessBase"]
[SourceDate "1994.03.01"]
[SourceVersion "1"]
[SourceVersionDate "1994.03.01"]
[SourceQuality "1"]

1. e4 c5 2. Nf3 e6 3. d4 cxd4 4. Nxd4 a6 5. c4 Nc6 6. Nxc6 dxc6 7. Qxd8+ Kxd8 8. Nc3 Bc5 9. Bf4 Ke7 10. Be2 f6 11. e5 Bd4 12. exf6+ Nxf6 13. 0-0 e5 14. Bg3 Bf5 15. Rfe1 Rhe8 16. Bf3 Kf7 17. Ne4 Rad8 18. Bh4 Bxe4 19. Bxe4 Nxe4 20. Rxe4 Bxb2 21. Rb1 Rd7 22. g4 Bd4 23. a4 b6 24. Bg3 g5 25. Kg2 Rb7 26. Rbe1 b5 27. cxb5 cxb5 28. axb5 axb5 29. h4 b4 30. hxg5 b3 31. Rh1 Ke6 32. f4 Kd5 33. Ree1 e4 34. f5 e3 35. Kf3 b2 36. Ke2 Ke4 37. Rb1 Rc8 38. Kd1 Kd3 39. Rh2 e2+ 0-1